000 00278nam a2200109Ia 4500
008 190914s9999||||xx |||||||||||||| ||und||
100 _aMarc Hamilton
245 0 _aSoftware Development Building Reliable Systems
260 _aUSA
_bMcGraw Hill
_c2000
300 _a691
942 _cBK
999 _c8416
_d8416